Understanding yoga psychology: Indigenous psychology with global relevance (Record no. 312773)

MARC details
000 -LEADER
fixed length control field 00530 a2200193 4500
005 - DATE & TIME
control field 20240701110336.0
008 - FIXED-LENGTH DATA ELEMENTS--GENERAL INFORMATION
fixed length control field 240621b |||||||| |||| 00| 0 eng d
020 ## - ISBN
International Standard Book Number 9781032644608
Price Rs. 1295.00
040 ## - CATALOGING SOURCE
Original cataloging agency VIVEKANANDA LIBRARY
082 ## - DDC NUMBER
Classification number 181.45
Book Number P212U
100 ## - MAIN ENTRY--PERSONAL NAME
Personal name Paranjpe, Anand C
245 ## - TITLE STATEMENT
Title Understanding yoga psychology: Indigenous psychology with global relevance
260 ## - PUBLICATION, DISTRIBUTION, ETC. (IMPRINT)
Name of publisher, distributor, etc Routledge
Date of publication, distribution, etc 2024
Place of publication, distribution, etc New York
300 ## - PHYSICAL DESCRIPTION
Pages xiii, 155
650 ## - Subject
Subject Yoga
650 ## - Subject
Subject Psychology-Yoga
650 ## - Subject
Subject Yoga Psychology
942 ## - ADDED ENTRY ELEMENTS (KOHA)
Koha item type Books
Holdings
Withdrawn status Lost status Source of classification or shelving scheme Damaged status Not for loan Location (home branch) Sublocation or collection (holding branch) Shelving location Date acquired Koha issues (times borrowed) Koha full call number Accession No. Koha date last seen Koha item type
    Dewey Decimal Classification     VIVEKANANDA LIBRARY VIVEKANANDA LIBRARY Vivekananda Library 17/02/2024   181.45 P212U 409668 17/02/2024 Books
© Designed and Maintained by Vivekananda Library, MDU Rohtak